Ako vnímať obrazy

Bibliographic Details
Main Author: Welton, Jude, 1955- (Author)
Other Authors: Feješová, Veronika, 1969- (Translator)
Format: Book
Language:Slovak
English
PhysicalDescription:64 s. fotografie, obrázky, portréty 29 cm
Published: Bratislava Perfekt 1995
ISBN:9788085261806
Edition:1. vyd.
Series:Umenie zblízka
Subjects:

MARC

LEADER 00000cam a2200000 a 4500
001 vtls001058643
003 SK-MaSNL
005 20260301193229.0
008 250414s1995 xo oac r 001 0 slo
015 |a SNBA1995/0802203 
020 |a 9788085261806  |q (viazané) 
035 |a SNK000001460 
035 |a urn:nbn:sk:snk-amlhnb 
035 |a urn:nbn:sk:snk-am00bpvl 
035 |a 5A6044F6-6669-4820-AB79-28FE602D770C 
040 |a SNK  |b slo  |c SNK  |e AACR2 
041 1 |a slo  |h eng 
044 |a xo  |c SK 
072 7 |a 7.01/.09  |x Umenie  |2 konspekt 
072 7 |a 75  |x Maliarstvo  |2 konspekt 
080 |a 7.072/.073  |2 2011 
080 |a 75  |2 2011 
080 |a 75.051  |2 2011 
080 |a (084.11)  |2 2011 
080 |a (0.062)  |2 2011 
100 1 |a Welton, Jude,  |d 1955-  |4 aut  |9 171319 
240 1 0 |a Eyewitness Art - Looking at Paintings  |l slovensky 
245 1 0 |a Ako vnímať obrazy  |c Jude Weltonová ; z anglického originálu ... preložila Veronika Feješová 
246 3 4 |a Základný sprievodca po svete výtvarných diel a ich kompozície 
250 |a 1. vyd. 
260 |a Bratislava  |b Perfekt  |c 1995 
300 |a 64 s.  |b fotografie, obrázky, portréty  |c 29 cm 
490 1 |a Umenie zblízka  |v zv. 2 
500 |a Preložené z angličtiny 
504 |a Obsahuje slovník, zoznam symbolov a súhrnný register 
650 0 7 |a vnímanie umeleckého diela  |2 SNKPH  |9 68278 
650 0 7 |a maliarstvo  |2 SNKPH  |9 812 
650 0 7 |a obrazy  |2 SNKPH  |9 29735 
650 0 7 |a Perception of art  |2 SNKPHeng  |9 142218 
650 0 7 |a Painting  |2 SNKPHeng  |9 294628 
650 0 7 |a Paintings  |2 SNK  |9 306870 
655 7 |a obrazové publikácie  |2 SNKPH  |9 70343 
655 7 |a populárno-náučné publikácie  |2 SNKPH  |9 70460 
655 7 |a Pictorial works  |2 SNKPHeng  |9 284468 
655 7 |a Popular works  |2 SNKPHeng  |9 90287 
700 1 |a Feješová, Veronika,  |d 1969-  |4 trl  |9 39263 
830 0 |a Umenie zblízka  |9 377619 
852 |a Slovenská národná knižnica 
919 |a 978-80-85261-80-6 
958 |a TL 
958 |a OP 
958 |a NS 
958 |a GB 
958 |a OND 
968 |b ENG 
999 |c 876404  |d 878334 
952 |t P60, <09>, [BOOK], {629}  |a SNK  |b SNK  |y NEVYP  |7 0  |o snkB 734  |i snk2349/950711  |0 0  |1 0  |4 0  |d 1995-07-10  |l 0  |r 2004-12-31 00:00:00  |w 2026-02-24 
952 |t P60, <03>, [BOOK], {603}  |a SNK  |b SNK  |y PREZ  |7 0  |p 17A0906778  |o snkSB 54248  |i snkKSP 6497/95  |0 0  |1 0  |4 0  |d 1995-07-10  |f 1  |l 0  |r 2016-12-31 00:00:00  |w 2026-02-24 
952 |t P60, <04>, [BOOK], {604}  |a SNK  |b SNK  |y VYP  |7 0  |p 17A0077229  |o snkSB 54248 D1  |i snkKSP 6498/95  |0 0  |1 0  |4 0  |d 1995-07-10  |l 0  |r 2004-12-31 00:00:00  |w 2026-02-24